000 00211nam a22001097a 4500
041 _aeng
080 _a80
100 _aRorvik, David M.
245 _aChoose your babys sex.
650 _aScience
999 _c279223
_d279223
942 _cBK